000 00523nam a2200217Ia 4500
003 0100
008 130307s9999 xx 000 0 und d
020 _a0840758200
040 _cARRUPELIB
050 _aBS635.2.W67 1982
245 4 _aThe world of the Old Testament
260 _aNashville
260 _bThomas Nelson Publishers
260 _c1982
300 _a216p.
300 _b23 cm.
650 _aBIBLE
650 _bpsychology - Unconsious
700 _aPacker, James I. ... (et al.) (ed.)
942 0 0 _02
999 _c96378
_d96378